000 00457nam a2200181Ia 4500
003 OSt
005 20230313095159.0
008 210210b1933 xxu||||| |||| 00| 0 eng d
040 _cAL
041 _aeng
082 _a335/117
100 _aGADGIL (D R)
_975123
245 _aIndustrial evolution of India in recent times
260 _aLondon
_bOxford University Press
_c1933
690 _aIndian Economics
_975124
906 _a004460
942 _2ddc
_cBK
999 _c125615
_d125615